Quantification of the Impact of a Ban on the Use of Gender in Life Insurance

Kvantifikácia dopadu regulácie pohlavia v životnom poistení na finálnu cenu pre zákazníka. Na základe rozhodnutia 2004/113/ES musia životní poisťovatelia vytvoriť nový cenník poistného a informačnej asymetrie v prospech klientov. To vedie k vytvoreniu novej rovnováhy na trhu.

Gespeichert in:
Bibliographische Detailangaben
1. Verfasser: Poul, Ondřej
Format: Buchkapitel
Sprache:Englisch
Schlagworte:
Tags: Tag hinzufügen
Keine Tags, Fügen Sie das erste Tag hinzu!

MARC

LEADER 00000naa a2200000 4500
001 0263866
005 20220715113254.8
041 0 |a eng 
044 |a CZ 
245 1 0 |a Quantification of the Impact of a Ban on the Use of Gender in Life Insurance  |c Ondřej Poul 
520 |a Kvantifikácia dopadu regulácie pohlavia v životnom poistení na finálnu cenu pre zákazníka. Na základe rozhodnutia 2004/113/ES musia životní poisťovatelia vytvoriť nový cenník poistného a informačnej asymetrie v prospech klientov. To vedie k vytvoreniu novej rovnováhy na trhu. 
610 2 0 |a poistenie životné 
610 2 0 |a diskriminácia 
610 2 0 |a ženy 
610 2 0 |a regulácia 
610 2 0 |a tvorba cien 
100 1 |a Poul, Ondřej